Slovenske izpeljanke s pomenom nosilca lasnosti med preteklostjo im sedanjostjo

Podrobná bibliografia
Hlavný autor: Stramljič Breznik, Irena (Autor)
Médium: Článok
Jazyk:slovenčina
slovinčina
Fyzický popis:Tab.
ISBN:9788055503356
Predmet:

MARC

LEADER 00000nab a2200000 a 4500
001 vtls010517774
003 SK-MaSNL
005 20260318121455.0
008 130607c2011 xo r m 100 a0slo
015 |a SNBRA2013/06SVKPO 
038 |a SVKPO 
040 |a SVKPOCL  |b slo  |c SVKPOCL  |e AACR2 
041 0 |a slv  |b eng 
044 |a xo  |c SK 
080 |a 80(=16)+908(4)  |2 2001 
080 |a 81'373.611  |2 2001 
080 |a 811.163.6  |2 2001 
080 |a 81'1  |2 2001 
080 |a 81'367.622  |2 2001 
080 |a 038  |2 2001 
080 |a 81`373.611  |2 2001 
080 |a (048.8)  |2 2001 
100 1 |a Stramljič Breznik, Irena,  |4 aut  |9 1578274 
245 1 0 |a Slovenske izpeljanke s pomenom nosilca lasnosti med preteklostjo im sedanjostjo  |c Irena Stramljič Breznik 
300 |a Tab. 
500 |a Tematický okruh: Slovotvorba a morfematika 
504 |a Bibliogr. odkazy 
546 |a Res. angl. 
650 0 7 |a slavistika  |2 svkpocl  |9 4282 
650 0 7 |a slovinčina  |2 svkpocl  |9 1343 
650 0 7 |a lingvistika  |2 svkpocl  |9 860 
650 0 7 |a tvorenie slov  |2 svkpocl  |9 15995 
650 0 7 |a podstatné mená  |2 svkpocl  |9 1323 
650 0 7 |a slovníky  |2 svkpocl  |9 75778 
650 0 7 |a afixy  |2 svkpocl  |9 116856 
655 7 |a štúdie  |2 svkpocl  |9 57033 
773 0 |t Vidy jazyka a jazykovedy : na počesť Miloslavy Sokolovej /d Prešov : Filozofická fakulta Prešovskej univerzity, 2011  |g S. 263-275  |z 9788055503356 
852 |a SVKPO  |b KIS3GCP 
958 |a SS 
958 |a NB 
999 |c 3225340  |d 3227270